Pure Normal Type Pokémon - Statistics

General Stats
  • This quiz has been taken 80 times
    22 since last reset
  • The average score is 80 of 82
Answer Stats
Region Number Answer % Correct
0493 Arceus
100%
Sinnoh 0399 Bidoof
100%
0242 Blissey
100%
0626 Bouffalant
100%
0427 Buneary
100%
Kalos 0659 Bunnelby
100%
0351 Castform
100%
0113 Chansey
100%
0573 Cinccino
100%
0301 Delcatty
100%
0832 Dubwool
100%
0206 Dunsparce
100%
0133 Eevee
100%
0295 Exploud
100%
0162 Furret
100%
0133 Gigantamax Eevee
100%
0052 Gigantamax Meowth
100%
0143 Gigantamax Snorlax
100%
0431 Glameow
100%
0735 Gumshoos
100%
0440 Happiny
100%
0507 Herdier
100%
0115 Kangaskhan
100%
0352 Kecleon
100%
Paldea 0915 Lechonk
100%
0463 Lickilicky
100%
0108 Lickitung
100%
0506 Lillipup
100%
0264 Linoone
100%
0428 Lopunny
100%
0294 Loudred
100%
0115 Mega Kangaskhan
100%
0052 Meowth
100%
0572 Minccino
100%
0446 Munchlax
100%
0916 Oinkologne
100%
0133 Partner Eevee
100%
Unova 0504 Patrat
100%
0053 Persian
100%
0432 Purugly
100%
0020 Raticate
100%
Kanto 0019 Rattata
100%
0486 Regigigas
100%
Johto 0161 Sentret
100%
0300 Skitty
100%
0289 Slaking
100%
0287 Slakoth
100%
0235 Smeargle
100%
0143 Snorlax
100%
0327 Spinda
100%
0234 Stantler
100%
0508 Stoutland
100%
0216 Teddiursa
100%
0217 Ursaring
100%
0288 Vigoroth
100%
0505 Watchog
100%
0293 Whismur
100%
0831 Wooloo
100%
Alola 0734 Yungoos
100%
0335 Zangoose
100%
Hoenn 0263 Zigzagoon
100%
0190 Aipom
93%
0424 Ambipom
93%
0531 Audino
93%
0132 Ditto
93%
0982 Dudunsparce
93%
0676 Furfrou
93%
0820 Greedent
93%
0925 Maushold
93%
0241 Miltank
93%
0137 Porygon
93%
0233 Porygon2
93%
0474 Porygon-Z
93%
Galar 0819 Skwovet
93%
0924 Tandemaus
93%
0128 Tauros
93%
Kitakami 1024 Terapagos
93%
1024 Terapagos (Stellar Form)
93%
1024 Terapagos (Terastal Form)
93%
0775 Komala
80%
0773 Silvally
80%
0772 Type: Null
80%
No matching quizzes found
Score Distribution
Percent of People with Each Score
Percentile by Number Answered
Your Score History
You have not taken this quiz since the last reset